I'll Sleep When I'm Dead - Set It Off - Lyric Quiz - Statistics

General Stats
  • This quiz has been taken 51 times
  • The average score is 209 of 283
Answer Stats
Lyrics % Correct
I
100%
"""I"
100%
Am
92%
Eyes
92%
In
92%
My
92%
Are
88%
Dead
88%
Dead"
88%
I'll
88%
I'm
88%
It
88%
Sleep
88%
Stuck
88%
The
88%
To
88%
When
88%
Can
83%
Every
83%
Me
83%
And
79%
At
79%
Failing
79%
Guess
79%
Hand
79%
Of
79%
On
79%
Open
79%
Stapled
79%
This
79%
Wide
79%
As
75%
It's
75%
Night
75%
Same
75%
Self-torturing
75%
Walls
75%
Wit
75%
Bloodshot
71%
Bouncing
71%
Can't
71%
Clock
71%
Each
71%
Lay
71%
Meds
71%
Off
71%
Screen
71%
These
71%
Time
71%
Two
71%
With
71%
After
67%
Bed
67%
Begin
67%
Big
67%
Insomniacs
67%
Internal
67%
Mind
67%
Side
67%
Your
67%
But
63%
Down
63%
Glare
63%
Hopeless
63%
Losing
63%
Myself
63%
Raise
63%
Right
63%
See
63%
TV
63%
Enemies
58%
Please
58%
Repeat
58%
Sickening
58%
Smithereens
58%
Static
58%
Still
58%
That
58%
Cannot
54%
Fix
54%
Kindly
54%
Mess
54%
Should
54%
Shut
54%
So
54%
Surrounds
54%
Talk
54%
All
50%
Barely
50%
Crazed
50%
Days
50%
Delirious
50%
Everything
50%
Is
50%
Laughing
50%
Stands
50%
Strap
50%
Begins
46%
Focus
46%
Hands
46%
Lie
46%
Rise
46%
Sun
46%
Thought
46%
Darkness
42%
Realizing
42%
Tell
42%
Just
38%
Unprovoked
38%
Went
38%
Where
38%
Cause
33%
Twitch
33%
Assaulting
29%
Conscious
29%
Content
29%
Notice
29%
Attention
25%
Sanity
25%
Spent
21%
No matching quizzes found
Score Distribution
Percent of People with Each Score
Percentile by Number Answered
Your Score History
You have not taken this quiz